000 00323nam a2200133 a 4500
008 110105s1974|||| d
245 1 0 _aO základných princípoch výstavby strany
100 1 _aMarx, K.
700 1 _aEngels, F.
260 _bPravda
_aBratislava
_c1974
020 _c12
044 _axo
_cSK
041 _aslo
999 _c15488
_d15488